| 000 | 005330000a22001810004500 | ||
|---|---|---|---|
| 001 | 5923 | ||
| 090 | _a5923 | ||
| 100 | _a19971202m1997 m||y0pory5003 ba | ||
| 102 | _aSE | ||
| 200 |
_aMethods for statistical downscaling of GCM simulations _fM. Rummukainen |
||
| 210 |
_aNorrkoping _cSMHI _d1997 |
||
| 215 |
_a29 p. _d20 cm |
||
| 225 | 2 |
_aSMHI Reports on Meteorology and climatology _v80 |
|
| 317 | _aOrigem: IM | ||
| 500 | 1 | 0 |
_aSMHI Reports on Meteorology and Climatology _h80 |
| 606 |
_aPREVISAO NUMERICA _zIM |
||
| 675 | _a | ||
| 700 | 1 |
_aRummukainen _bM. |
|